[Event "Sombor Milicevic Memorial"]
[Site "Sombor"]
[Date "2017.11.27"]
[Round "7"]
[White "Grba, Ilija"]
[Black "Beslin, Igor"]
[Result "0-1"]
[WhiteElo "1761"]
[BlackElo "2007"]
[PlyCount "70"]
[EventDate "2017.11.13"]
[EventType "swiss"]
[EventRounds "9"]
[EventCountry "SRB"]
[SourceTitle "EXT 2019"]
[Source "ChessBase"]
[SourceDate "2018.10.10"]
[SourceVersion "1"]
[SourceVersionDate "2018.10.10"]
[SourceQuality "1"]

1. d4 d5 2. c4 dxc4 3. e3 e6 4. Bxc4 Nf6 5. Nc3 c5 6. d5 exd5 7. Nxd5 Bd6 8. Bb5+ Bd7 9. Bxd7+ Nbxd7 10. Ne2 0-0 11. Nec3 Ne5 12. b3 Nxd5 13. Qxd5 Qf6 14. 0-0 Ng4 15. h3 Qxc3 16. Bd2 Qe5 17. Qxe5 Nxe5 18. Bc3 Rfd8 19. Rad1 Nc6 20. Rfe1 Be5 21. Bxe5 Nxe5 22. e4 c4 23. f4 Nd3 24. Rf1 c3 25. Kh2 c2 26. Ra1 Rac8 27. e5 c1Q 28. Raxc1 Nxc1 29. f5 Re8 30. f6 Rxe5 31. h4 h5 32. Rf3 Ne2 33. fxg7 Re4 34. g3 Rc2 35. Rf2 Nd4 0-1

[Event "Palic Karadzic Memorial op"]
[Site "Palic"]
[Date "2017.10.29"]
[Round "3"]
[White "Beslin, Igor"]
[Black "Cerovic, Danilo"]
[Result "1/2-1/2"]
[WhiteElo "2007"]
[BlackElo "2333"]
[PlyCount "87"]
[EventDate "2017.10.28"]
[EventType "swiss"]
[EventRounds "9"]
[EventCountry "SRB"]
[SourceTitle "CBM 181 Extra"]
[Source "ChessBase"]
[SourceDate "2017.12.12"]
[SourceVersion "1"]
[SourceVersionDate "2017.12.12"]
[SourceQuality "1"]

1. e4 e6 2. d4 d5 3. Nc3 Nf6 4. e5 Nfd7 5. f4 c5 6. Nf3 Nc6 7. Be3 Be7 8. Qd2 0-0 9. Be2 b6 10. 0-0 f5 11. Bb5 cxd4 12. Bxd4 Bb7 13. Rad1 Nc5 14. Kh1 Rc8 15. Bxc6 Bxc6 16. Bg1 Kh8 17. Nd4 Qd7 18. Be3 Bb7 19. Rf3 Ne4 20. Nxe4 dxe4 21. Rh3 Rfd8 22. Qe2 g6 23. Rd2 Bd5 24. g4 Qe8 25. gxf5 gxf5 26. Rh6 Qf7 27. Qd1 Rg8 28. Nb5 Qg7 29. Rh3 Bc5 30. Nd6 Rcf8 31. Rg3 Qe7 32. Qe2 Ba8 33. Kg1 Rxg3+ 34. hxg3 Rg8 35. Bxc5 Rxg3+ 36. Kf1 bxc5 37. Qh5 Bd5 38. Rh2 Rg4 39. Nf7+ Kg7 40. Qxh7+ Kf8 41. Rh6 Rg7 42. Qh8+ Rg8 43. Qh7 Rg7 44. Qh8+ 1/2-1/2

[Event "Vojvodina-ch 6th"]
[Site "Novi Sad"]
[Date "2015.07.25"]
[Round "1"]
[White "Atalik, Suat"]
[Black "Beslin, Igor"]
[Result "1-0"]
[WhiteElo "2564"]
[BlackElo "2056"]
[PlyCount "75"]
[EventDate "2015.07.25"]
[EventType "swiss"]
[EventRounds "9"]
[EventCountry "YUG"]
[SourceTitle "EXT 2016"]
[Source "ChessBase"]
[SourceDate "2015.10.08"]
[SourceVersion "1"]
[SourceVersionDate "2015.10.08"]
[SourceQuality "1"]

1. Nf3 d5 2. c4 e6 3. g3 Nf6 4. Bg2 Be7 5. 0-0 0-0 6. d4 b6 7. cxd5 exd5 8. Nc3 Bb7 9. Ne5 Nbd7 10. Qa4 Nb8 11. Bf4 c6 12. Rfd1 b5 13. Qc2 Nbd7 14. Rac1 Rc8 15. Bh3 Ra8 16. b3 Nxe5 17. Bxe5 Ba3 18. Rb1 Bd6 19. a4 a6 20. Bxd6 Qxd6 21. b4 Bc8 22. Bg2 Bd7 23. f3 Rfc8 24. a5 Re8 25. e4 dxe4 26. fxe4 Ng4 27. Qd2 Qg6 28. Qf4 Qh5 29. h3 Nh6 30. g4 Qh4 31. e5 f5 32. exf6 Rf8 33. Ne4 gxf6 34. d5 cxd5 35. Rxd5 f5 36. Rxd7 fxe4 37. Qxe4 Nf5 38. gxf5 1-0

[Event "Vojvodina-ch 5th"]
[Site "Novi Sad"]
[Date "2014.07.17"]
[Round "8"]
[White "Popchev, Milko"]
[Black "Beslin, Igor"]
[Result "1-0"]
[WhiteElo "2331"]
[BlackElo "2066"]
[PlyCount "111"]
[EventDate "2014.07.12"]
[EventType "swiss"]
[EventRounds "9"]
[EventCountry "YUG"]
[SourceTitle "CBM 161 Extra"]
[Source "ChessBase"]
[SourceDate "2014.08.29"]
[SourceVersion "1"]
[SourceVersionDate "2014.08.29"]
[SourceQuality "1"]

1. b3 e5 2. Bb2 Nc6 3. c4 Nf6 4. Nc3 d5 5. cxd5 Nxd5 6. g3 Be7 7. Bg2 Be6 8. Nf3 0-0 9. 0-0 f6 10. d4 exd4 11. Nxd4 Nxd4 12. Qxd4 Nxc3 13. Qxc3 c6 14. Qe3 Bf7 15. Rfd1 Qc7 16. Bh3 Rfd8 17. Be6 Bxe6 18. Qxe6+ Kf8 19. e4 Bd6 20. f4 Qe7 21. Qf5 Kg8 22. Kg2 Bc7 23. e5 fxe5 24. Bxe5 Bxe5 25. fxe5 Rf8 26. Qe4 Rae8 27. Re1 Qc5 28. Re2 Re6 29. Rae1 Rfe8 30. h4 b5 31. h5 Qb6 32. Qf5 Qc7 33. g4 Qf7 34. Kg3 g6 35. Qg5 Rf8 36. h6 Qf3+ 37. Kh4 Qf4 38. Qxf4 Rxf4 39. Rd1 Kf7 40. Kg5 Rf3 41. Rd7+ Re7 42. e6+ Kf8 43. Rd8+ Re8 44. Rd6 Rc3 45. Rf2+ Ke7 46. Rd7+ Kxe6 47. Rxh7 Rg8 48. Re2+ Kd6 49. Rg7 Rh8 50. h7 Rg3 51. Rxa7 Rg1 52. b4 Kd5 53. Rd7+ Kc4 54. a3 Rg3 55. Rc2+ Kb3 56. Rxc6 1-0

[Event "Vojvodina-ch 5th"]
[Site "Novi Sad"]
[Date "2014.07.13"]
[Round "3"]
[White "Beslin, Igor"]
[Black "Kumic, Filip"]
[Result "0-1"]
[WhiteElo "2066"]
[BlackElo "2248"]
[PlyCount "64"]
[EventDate "2014.07.12"]
[EventType "swiss"]
[EventRounds "9"]
[EventCountry "YUG"]
[SourceTitle "CBM 161 Extra"]
[Source "ChessBase"]
[SourceDate "2014.08.29"]
[SourceVersion "1"]
[SourceVersionDate "2014.08.29"]
[SourceQuality "1"]

1. e4 c5 2. Nf3 d6 3. d4 cxd4 4. Nxd4 Nf6 5. Nc3 a6 6. Be3 Nc6 7. Be2 e5 8. Nb3 Be6 9. 0-0 Rc8 10. f4 exf4 11. Bxf4 Ne5 12. Qd4 Qc7 13. Nd5 Bxd5 14. exd5 Be7 15. c4 Nfd7 16. Rac1 0-0 17. Nd2 Bf6 18. Qf2 Ng6 19. b3 Nxf4 20. Qxf4 Qb6+ 21. Kh1 Be5 22. Qf5 Nc5 23. Rf3 g6 24. Qg5 Bg7 25. Rh3 Rce8 26. Qh4 h6 27. Bf3 Nd3 28. Rf1 g5 29. Qg3 Be5 30. Qg4 Nf2+ 31. Rxf2 Qxf2 32. Be2 Bd4 0-1

[Event "Vojvodina-ch 4th"]
[Site "Novi Sad"]
[Date "2013.06.28"]
[Round "2"]
[White "Blazeka, Mihaela"]
[Black "Beslin, Igor"]
[Result "1-0"]
[WhiteElo "1772"]
[BlackElo "2048"]
[PlyCount "93"]
[EventDate "2013.06.28"]
[EventType "swiss"]
[EventRounds "9"]
[EventCountry "SRB"]
[SourceTitle "CBM 155 Extra"]
[Source "ChessBase"]
[SourceDate "2013.08.26"]
[SourceVersion "1"]
[SourceVersionDate "2013.08.26"]
[SourceQuality "1"]

1. e4 c5 2. Nf3 d6 3. d4 cxd4 4. Nxd4 Nf6 5. f3 e5 6. Bb5+ Bd7 7. Bxd7+ Qxd7 8. Nf5 Nc6 9. Bg5 0-0-0 10. Nc3 Ne7 11. Bxf6 gxf6 12. Nxe7+ Bxe7 13. Nd5 f5 14. 0-0 f4 15. a4 Kb8 16. a5 h5 17. a6 b6 18. Ra3 Rhg8 19. Rc3 Rc8 20. Rxc8+ Kxc8 21. Nb4 Qb5 22. Qd5 Qxd5 23. exd5 Kd7 24. Nc6 Rc8 25. Nxa7 Ra8 26. Nc6 Bd8 27. c4 Bc7 28. Ra1 h4 29. b4 Bd8 30. Kf2 Bc7 31. g3 hxg3+ 32. hxg3 fxg3+ 33. Kxg3 Rg8+ 34. Kf2 b5 35. c5 dxc5 36. bxc5 Ra8 37. Nb4 Bb8 38. Ra5 Ba7 39. Rxb5 Rc8 40. Nc6 Rxc6 41. dxc6+ Kxc6 42. Ra5 f5 43. Kg3 Kc7 44. Kh4 e4 45. fxe4 fxe4 46. Kg4 Kc6 47. Kf4 1-0